<?xml version="1.0" encoding="UTF-8"?>
<record
    xmlns:xsi="http://www.w3.org/2001/XMLSchema-instance"
    xsi:schemaLocation="http://www.loc.gov/MARC21/slim http://www.loc.gov/standards/marcxml/schema/MARC21slim.xsd"
    xmlns="http://www.loc.gov/MARC21/slim">

  <leader>00698nam a22001937a 4500</leader>
  <controlfield tag="005">20180327144447.0</controlfield>
  <datafield tag="010" ind1=" " ind2=" ">
    <subfield code="a">B-690941-945</subfield>
  </datafield>
  <datafield tag="020" ind1=" " ind2=" ">
    <subfield code="a">9789352664481</subfield>
    <subfield code="c">500.00</subfield>
  </datafield>
  <datafield tag="035" ind1=" " ind2=" ">
    <subfield code="a">B-690941-945</subfield>
  </datafield>
  <datafield tag="037" ind1=" " ind2=" ">
    <subfield code="b">Pansy  Books </subfield>
  </datafield>
  <datafield tag="082" ind1=" " ind2=" ">
    <subfield code="a">921</subfield>
  </datafield>
  <datafield tag="100" ind1=" " ind2=" ">
    <subfield code="a">Rishi Raj</subfield>
  </datafield>
  <datafield tag="245" ind1=" " ind2=" ">
    <subfield code="a">Patriotic pilgrimage of India / </subfield>
    <subfield code="c">by Rishi Raj</subfield>
  </datafield>
  <datafield tag="260" ind1=" " ind2=" ">
    <subfield code="a">New Delhi </subfield>
    <subfield code="b">Prabhat Prakashan </subfield>
    <subfield code="c">2018</subfield>
  </datafield>
  <datafield tag="270" ind1=" " ind2=" ">
    <subfield code="a">4/19, Asaf Ali Road, </subfield>
    <subfield code="b">New Delhi </subfield>
    <subfield code="e">110002</subfield>
  </datafield>
  <datafield tag="300" ind1=" " ind2=" ">
    <subfield code="a">xi,184p. </subfield>
    <subfield code="c">23cm(Hb)</subfield>
  </datafield>
  <datafield tag="942" ind1=" " ind2=" ">
    <subfield code="2">ddc</subfield>
    <subfield code="c">EN</subfield>
    <subfield code="m">RIS </subfield>
    <subfield code="h">921</subfield>
  </datafield>
  <datafield tag="999" ind1=" " ind2=" ">
    <subfield code="c">150580</subfield>
    <subfield code="d">150580</subfield>
  </datafield>
  <datafield tag="952" ind1=" " ind2=" ">
    <subfield code="0">0</subfield>
    <subfield code="1">0</subfield>
    <subfield code="4">0</subfield>
    <subfield code="7">0</subfield>
    <subfield code="8">NFIC</subfield>
    <subfield code="a">L</subfield>
    <subfield code="b">L</subfield>
    <subfield code="d">2018-03-27</subfield>
    <subfield code="e">Prabhat/L3481/9.3.2018/EN/Spl/2017-18/894/9.3.2018/14.3.2018</subfield>
    <subfield code="g">500.00</subfield>
    <subfield code="l">3</subfield>
    <subfield code="m">1</subfield>
    <subfield code="o">921 RIS</subfield>
    <subfield code="p">B-690941</subfield>
    <subfield code="r">2018-10-14 00:00:00</subfield>
    <subfield code="s">2018-10-01</subfield>
    <subfield code="t">1</subfield>
    <subfield code="v">500.00</subfield>
    <subfield code="y">EN</subfield>
  </datafield>
  <datafield tag="952" ind1=" " ind2=" ">
    <subfield code="0">0</subfield>
    <subfield code="1">0</subfield>
    <subfield code="4">0</subfield>
    <subfield code="7">0</subfield>
    <subfield code="8">NFIC</subfield>
    <subfield code="a">AV</subfield>
    <subfield code="b">AV</subfield>
    <subfield code="d">2018-03-27</subfield>
    <subfield code="e">Prabhat/L3481/9.3.2018/EN/Spl/2017-18/894/9.3.2018/14.3.2018</subfield>
    <subfield code="g">500.00</subfield>
    <subfield code="l">1</subfield>
    <subfield code="o">921 RIS</subfield>
    <subfield code="p">B-690942</subfield>
    <subfield code="r">2019-07-16 00:00:00</subfield>
    <subfield code="s">2019-07-02</subfield>
    <subfield code="t">1</subfield>
    <subfield code="v">500.00</subfield>
    <subfield code="y">EN</subfield>
  </datafield>
  <datafield tag="952" ind1=" " ind2=" ">
    <subfield code="0">0</subfield>
    <subfield code="1">0</subfield>
    <subfield code="4">0</subfield>
    <subfield code="7">0</subfield>
    <subfield code="8">NFIC</subfield>
    <subfield code="a">BL1</subfield>
    <subfield code="b">BL1</subfield>
    <subfield code="d">2018-03-27</subfield>
    <subfield code="e">Prabhat/L3481/9.3.2018/EN/Spl/2017-18/894/9.3.2018/14.3.2018</subfield>
    <subfield code="g">500.00</subfield>
    <subfield code="l">0</subfield>
    <subfield code="o">921 RIS</subfield>
    <subfield code="p">B-690943</subfield>
    <subfield code="r">2018-03-27 00:00:00</subfield>
    <subfield code="t">1</subfield>
    <subfield code="v">500.00</subfield>
    <subfield code="y">EN</subfield>
  </datafield>
  <datafield tag="952" ind1=" " ind2=" ">
    <subfield code="0">0</subfield>
    <subfield code="1">0</subfield>
    <subfield code="4">0</subfield>
    <subfield code="7">0</subfield>
    <subfield code="8">NFIC</subfield>
    <subfield code="a">ZLS</subfield>
    <subfield code="b">ZLS</subfield>
    <subfield code="d">2018-03-27</subfield>
    <subfield code="e">Prabhat/L3481/9.3.2018/EN/Spl/2017-18/894/9.3.2018/14.3.2018</subfield>
    <subfield code="g">500.00</subfield>
    <subfield code="l">1</subfield>
    <subfield code="o">921 RIS</subfield>
    <subfield code="p">B-690944</subfield>
    <subfield code="r">2021-02-10 00:00:00</subfield>
    <subfield code="s">2021-01-27</subfield>
    <subfield code="t">1</subfield>
    <subfield code="v">500.00</subfield>
    <subfield code="y">EN</subfield>
  </datafield>
  <datafield tag="952" ind1=" " ind2=" ">
    <subfield code="0">0</subfield>
    <subfield code="1">0</subfield>
    <subfield code="4">0</subfield>
    <subfield code="7">0</subfield>
    <subfield code="8">NFIC</subfield>
    <subfield code="a">BL4</subfield>
    <subfield code="b">BL4</subfield>
    <subfield code="d">2018-03-27</subfield>
    <subfield code="e">Prabhat/L3481/9.3.2018/EN/Spl/2017-18/894/9.3.2018/14.3.2018</subfield>
    <subfield code="g">500.00</subfield>
    <subfield code="l">3</subfield>
    <subfield code="o">921 RIS</subfield>
    <subfield code="p">B-690945</subfield>
    <subfield code="r">2022-08-02 00:00:00</subfield>
    <subfield code="s">2022-07-18</subfield>
    <subfield code="t">1</subfield>
    <subfield code="v">500.00</subfield>
    <subfield code="y">EN</subfield>
  </datafield>
</record>
